<?xml version="1.0" encoding="UTF-8"?>
<record
    xmlns:xsi="http://www.w3.org/2001/XMLSchema-instance"
    xsi:schemaLocation="http://www.loc.gov/MARC21/slim http://www.loc.gov/standards/marcxml/schema/MARC21slim.xsd"
    xmlns="http://www.loc.gov/MARC21/slim">

  <leader>01547nam a2200241 a 4500</leader>
  <controlfield tag="001">9234</controlfield>
  <controlfield tag="003">CO-ViMGA</controlfield>
  <controlfield tag="008">141112s2004    ck      r     000 u spa d</controlfield>
  <datafield tag="020" ind1=" " ind2=" ">
    <subfield code="a">9580445893</subfield>
  </datafield>
  <datafield tag="040" ind1=" " ind2=" ">
    <subfield code="a">CO-ViMGA</subfield>
    <subfield code="b">spa</subfield>
    <subfield code="c">CO-ViMGA</subfield>
  </datafield>
  <datafield tag="082" ind1="0" ind2="4">
    <subfield code="a">330 A185</subfield>
  </datafield>
  <datafield tag="100" ind1="1" ind2=" ">
    <subfield code="a">Acosta, Fabian; Pach&#xF3;n, Efra&#xED;n</subfield>
    <subfield code="9">9847</subfield>
  </datafield>
  <datafield tag="245" ind1="1" ind2="0">
    <subfield code="a">Econom&#xED;a y Pol&#xED;tica 10</subfield>
  </datafield>
  <datafield tag="260" ind1=" " ind2=" ">
    <subfield code="a">Bogot&#xE1; : </subfield>
    <subfield code="b">, </subfield>
    <subfield code="c">Norma, </subfield>
    <subfield code="c">1999.</subfield>
  </datafield>
  <datafield tag="300" ind1=" " ind2=" ">
    <subfield code="a">2v. : il.</subfield>
  </datafield>
  <datafield tag="505" ind1=" " ind2=" ">
    <subfield code="a">Que es, que estudia y evolucion de las ideas economicas 6 - 10 - - Produccion de bienes y servicios, sectores economicos y factores de produccion 11 - 16 - - Produccion, distribucion y consumo, sistema economico 17 - 21 - - El mercado, que es, cuales son sus actores 22 - 25 - - Inflacion, deflacion y canasta familiar 27 - 31 - - Moneda, medios de pago, dinero bancario 32 - 36 - - Ahorro, credito, margen de intermediacion y sistema financiero 37 - 48 - - Mercado de capitales, valores y bolsas 50 - 54 - - Sector publico, sector privado, manejo fiscal, presupuesto nacional, fuentes de ingresos 55 - 70 - - Comercio internacional, libre cambio, proteccionismo, balanza comercial 71 - 75 - - Pol&#xED;tica, formas de gobierno, poder, poderes publicos, medios de comunicacion 78 - 100 - - Estado colombiano, ideologia y ciencia, ideologias modernas, pensamiento politico, ideas liberales, sociedad civil 102 - 139</subfield>
  </datafield>
  <datafield tag="650" ind1="1" ind2="4">
    <subfield code="a">COMERCIO INTERNACIONAL</subfield>
    <subfield code="9">9848</subfield>
  </datafield>
  <datafield tag="650" ind1="1" ind2="4">
    <subfield code="a">DEFLACION</subfield>
    <subfield code="9">9849</subfield>
  </datafield>
  <datafield tag="650" ind1="1" ind2="4">
    <subfield code="a">FINANZAS</subfield>
    <subfield code="9">9850</subfield>
  </datafield>
  <datafield tag="650" ind1="1" ind2="4">
    <subfield code="a">PARTIDOS POLITICOS</subfield>
    <subfield code="9">200</subfield>
  </datafield>
  <datafield tag="650" ind1="1" ind2="4">
    <subfield code="a">PLAN DE DESARROLLO</subfield>
    <subfield code="9">9851</subfield>
  </datafield>
  <datafield tag="942" ind1=" " ind2=" ">
    <subfield code="2">ddc</subfield>
    <subfield code="c">BK</subfield>
  </datafield>
  <datafield tag="999" ind1=" " ind2=" ">
    <subfield code="c">20768</subfield>
    <subfield code="d">20768</subfield>
  </datafield>
</record>
